Dokonalé Vianoce

Podrobná bibliografia
Hlavný autor: Artz, Vojto (Autor)
Ďalší autori: Křístek, Dušan, 1978- (Fotograf)
Médium: Kniha
Jazyk:slovenčina
Fyzický popis:142 strán farebné fotografie 23 cm
Vydavateľské údaje: [Žilina] Direct press, s.r.o. 2017
ISBN:9788089659098
Predmet:

MARC

LEADER 00000nam a2200000 4500
001 vtls011770004
003 SK-MaSNL
005 20260302054600.0
008 200104s2017 xo o g 000 0 slo
015 |a SNBA2018/08 
020 |a 9788089659098  |q (viazané) 
035 |a urn:nbn:sk:snk-am00d4l3 
035 |a urn:nbn:sk:snk-am3hli6 
035 |a C64492F9-1C77-4865-8771-773C4A0C1CF5 
040 |a SNK  |b slo  |c SNK  |e rda 
041 0 |a slo 
044 |a xo  |c SK 
072 7 |a 641  |x Kuchárstvo. Potraviny. Varené jedlá  |2 konspekt 
080 |a 641.56:27-565.3  |2 2011 
080 |a (083.12)  |2 2011 
100 1 |a Artz, Vojto  |4 aut  |9 558727 
245 1 0 |a Dokonalé Vianoce  |c Vojto Artz ; foto: Dušan Křístek 
264 1 |a [Žilina]  |b Direct press, s.r.o.  |c 2017 
300 |a 142 strán  |b farebné fotografie  |c 23 cm 
336 |a text  |b txt  |2 rdacontent 
336 |a statický obraz  |b sti  |2 rdamedia 
337 |a bez média  |b n  |2 rdamedia 
338 |a zväzok  |b nc  |2 rdacarrier 
500 |a Miesto vydania podľa NA ISBN 
650 0 7 |a vianočné jedlá  |2 SNKPH  |9 110679 
650 0 7 |a Christmas cookery  |2 SNKPHeng  |9 326363 
655 7 |a kuchárske recepty  |2 SNKPH  |9 70493 
655 7 |a Cookbooks  |2 SNKPHeng  |9 270340 
700 1 |a Křístek, Dušan,  |d 1978-  |4 pht  |9 181604 
919 |a 978-80-89659-09-8 
999 |c 1113864  |d 1115794 
952 |a SNK  |b SNK  |y PREZ  |7 0  |p 17A1334296  |o snkSC 180510  |i snk2018/16296  |8 0  |0 0  |1 0  |4 0  |d 2018-08-01  |f 1  |l 0  |r 2026-02-24 18:09:03  |w 2026-02-24 
952 |a SNK  |b SNK  |y VYP  |7 0  |p 17A1334297  |o snkSC 180510 D1  |i snk2018/16297  |8 0  |0 0  |1 0  |4 0  |d 2018-08-01  |l 0  |r 2026-02-24 18:09:03  |w 2026-02-24